01433nam a2200277 a 450000100060000000300080000600500170001400800410003103500190007203500120009104000270010304100080013008200200013810000590015824500940021726000460031130000270035750001440038450002730052850400410080161000540084271000900089694200120098699900170099895201400101544637BD-RjUL20211209053907.0160718s1943 nyu b 00110 eng  a(BD-RjUL)44755 a2167061 aANLbengdANLcBD-RjUL aeng0 a341.1bHUP 19431 aHudson, Manley O.q(Manley Ottmer),d1886-1960913692814aThe Permanent court of international justice, 1920-1942,ca treatise by Manley O. Hudson. aNew York :bThe Macmillan company,c1943. axxiv, 807 p. ;c24 cm. aIssued with the assistance of a grant-in-aid by the Bureau of international research of Harvard university and Radcliffe college. cf. Pref. aWhile the present volume follows the general lines of the author's work of the same title published in 1934, the treatise has been completely rewritten and includes new chapters on the proposed International criminal court and the Institution of proceedings. cf. Pref. aIncludes bibliographical references.20aPermanent Court of International Justice.91369292 aBureau of International Research of Harvard University and Radcliffe College.9130715 2ddccBK c44637d44637 00102ddc40708NFICaRUCLbRUCLcStackd1958-02-15eU.S.I.S Dacca gratrol0o341.1 HUP 1943r2016-07-18 00:00:00tC-2w2016-07-18yBK